[Event "Online Olym Div3 E 2021"]
[Site "chess.com INT"]
[Date "2021.08.27"]
[Round "1.4"]
[Board "2"]
[White "Guevara Sanchez, Erick Marvin"]
[Black "Alfaro, William"]
[Result "1/2-1/2"]
[WhiteTitle "FM"]
[BlackTitle "FM"]
[WhiteElo "2173"]
[BlackElo "2171"]
[WhiteTeam "El Salvador"]
[BlackTeam "Nicaragua"]
[WhiteFideId "6700136"]
[BlackFideId "6100457"]
[EventDate "2021.08.27"]
[EventType "team"]

1. e4 e6 2. d4 d5 3. Bd3 dxe4 4. Bxe4 Nf6 5. Bf3 c5 6. Ne2 Nc6 7. Be3 cxd4 8.
Nxd4 Ne5 9. Nc3 a6 10. Qe2 Nxf3+ 11. Qxf3 e5 12. Nf5 Qa5 13. Ng3 Bb4 14. Ne2 Bg4
15. Qxb7 O-O 16. O-O Rfb8 17. Qc6 Rc8 1/2-1/2

[Event "Online Olym Div3 E 2021"]
[Site "chess.com INT"]
[Date "2021.08.29"]
[Round "7.2"]
[Board "2"]
[White "Adu-Poku, Kwabena"]
[Black "Eichab, Charles"]
[Result "1-0"]
[BlackTitle "CM"]
[WhiteElo "1925"]
[BlackElo "2029"]
[WhiteTeam "Ghana"]
[BlackTeam "Namibia"]
[WhiteFideId "12600598"]
[BlackFideId "15200051"]
[EventDate "2021.08.27"]
[EventType "team"]

1. e4 c5 2. Nf3 d6 3. Bb5+ Nd7 4. c3 Nf6 5. Qe2 a6 6. Ba4 b5 7. Bc2 e5 8. O-O
Be7 9. d4 O-O 10. Rd1 Qc7 11. a4 b4 12. a5 Bb7 13. dxe5 Nxe5 14. Bg5 h6 15. Bh4
Rfe8 16. Nbd2 bxc3 17. bxc3 Bc6 18. Nxe5 dxe5 19. Bd3 Nxe4 20. Nxe4 Bxh4 21.
Nxc5 e4 22. Nxa6 Qe5 23. Bc4 Be7 24. Nb4 Bd6 25. g3 Rec8 26. Nxc6 Rxc6 27. Bd5
Rxc3 28. Bxa8 e3 29. f4 Qc5 30. Be4 Qc4 31. Qxc4 Rxc4 32. Bd3 Rd4 33. Bh7+ Kxh7
34. Rxd4 1-0

[Event "Online Olym Div3 E 2021"]
[Site "chess.com INT"]
[Date "2021.08.29"]
[Round "7.3"]
[Board "1"]
[White "Ynojosa Aponte, Felix Jose"]
[Black "Warner, Delisle"]
[Result "1-0"]
[WhiteTitle "IM"]
[BlackTitle "IM"]
[WhiteElo "2393"]
[BlackElo "2124"]
[WhiteTeam "Venezuela"]
[BlackTeam "Barbados"]
[WhiteFideId "3900258"]
[BlackFideId "11100109"]
[EventDate "2021.08.27"]
[EventType "team"]

1. e4 e6 2. c4 b6 3. Nc3 Bb7 4. d4 Bb4 5. Bd3 f5 6. d5 fxe4 7. Bxe4 Nf6 8. Bg5
exd5 9. Bxd5 Qe7+ 10. Ne2 Bxd5 11. cxd5 Bxc3+ 12. bxc3 Qe5 13. Bxf6 Qxf6 14. O-O
O-O 15. Qa4 Qe5 16. Qc4 Qd6 17. Ng3 Qc5 18. Qd3 c6 19. d6 a5 20. Rae1 a4 21. Re7
Ra5 22. Ne4 Qf5 23. Qd4 Rf7 24. Qxb6 Na6 25. Ng3 Qc5 26. Qd8+ Rf8 27. Qxd7 Qxc3
28. Qe6+ Kh8 29. Re8 1-0

[Event "Online Olym Div3 E 2021"]
[Site "chess.com INT"]
[Date "2021.08.29"]
[Round "7.5"]
[Board "5"]
[White "Batista Rosas, Nicolas Arturo"]
[Black "Zuniga Garcia, German"]
[Result "1-0"]
[WhiteElo "1623"]
[BlackElo "1431"]
[WhiteTeam "Panama"]
[BlackTeam "Honduras"]
[WhiteFideId "6607918"]
[BlackFideId "8407576"]
[EventDate "2021.08.27"]
[EventType "team"]

1. d4 Nf6 2. c4 e6 3. Nc3 Bb4 4. e3 c5 5. Ne2 O-O 6. a3 cxd4 7. exd4 Be7 8. g3
d5 9. c5 b6 10. b4 a5 11. Bb2 Ne4 12. Nxe4 dxe4 13. Bg2 f5 14. O-O Ba6 15. Re1
Nc6 16. Nf4 Bc4 17. b5 Na7 18. Rc1 g5 19. Rxc4 gxf4 20. a4 f3 21. Bf1 Rc8 22. c6
Rc7 23. Qb3 Qd5 24. Qe3 Nc8 25. Rc2 Nd6 26. Ba3 f4 27. Qc1 Bg5 28. Bxd6 fxg3 29.
Bc4 Qf5 30. Bxe6+ Qxe6 31. Qxg5+ Rg7 32. Qxg7+ Kxg7 33. Bxf8+ Kxf8 34. c7 1-0

[Event "Online Olym Div3 E 2021"]
[Site "chess.com INT"]
[Date "2021.08.29"]
[Round "8.2"]
[Board "5"]
[White "Glaves, Raheem"]
[Black "Mendez, Andre"]
[Result "1-0"]
[WhiteTitle "FM"]
[WhiteElo "2139"]
[BlackElo "1773"]
[WhiteTeam "Jamaica"]
[BlackTeam "Panama"]
[WhiteFideId "7402724"]
[BlackFideId "6603793"]
[EventDate "2021.08.27"]
[EventType "team"]

1. d4 Nf6 2. Nf3 e6 3. Bf4 d5 4. e3 Bd6 5. Ne5 O-O 6. Nd2 Bxe5 7. Bxe5 c5 8.
dxc5 Nc6 9. Bd6 Re8 10. Bb5 e5 11. O-O a6 12. Bxc6 bxc6 13. c4 Bg4 14. Qc2 Qd7
15. Rfe1 Bf5 16. Qc3 Qe6 17. Nf3 Nd7 18. Rac1 Rac8 19. b4 Bg4 20. Nd2 f5 21. f3
Bh5 22. Nb3 Qg6 23. Kh1 Re6 24. cxd5 cxd5 25. Qd3 e4 26. fxe4 dxe4 27. Qd5 Re8
28. Nd4 Nf6 29. Qxf5 Qh6 30. Nxe6 Bg4 31. Qg5 Bxe6 32. Qxh6 gxh6 33. a4 Nd5 34.
b5 Nb4 35. Rf1 Nd3 36. Rc3 Bg4 37. Bg3 Be2 38. Rb1 axb5 39. axb5 Rf8 40. b6 Bg4
41. b7 1-0